Wordt geladen...

Annual review of immunology

Bibliografische gegevens
Hoofdauteur: Paul, William E; Editor
Formaat: Printed Book
Gepubliceerd in: California, Annual Reviews 2003
Reeks:21
Onderwerpen:
LEADER 006500000a22002290004500
020 |a 0-8243-3021-8 
082 |a 571.960 5 N1.21 
100 |a Paul, William E; Editor 
245 |a Annual review of immunology 
250
260 |a California, Annual Reviews  |e 2003 
260 |c 2003 
460 |a v.21 
465 |a USD165.00 
490 |a 21 
500 |a ed.by William E Paul 
650 |a Immune system 
650 |a Immunology 
650 |a Yearbooks 
942 |c BK 
999 |c 32384  |d 32384 
952 |0 0  |1 0  |4 0  |6 571_960000000000000_5_N1_21  |7 0  |8 REF  |9 32529  |a MGUL  |b MGUL  |d 2013-07-16  |e USD165.00  |l 0  |o 571.960 5 N1.21  |p 32741  |r 2013-07-16  |w 2013-07-16  |y REF